Arquitectura, técnica y naturaleza en el ocaso de la modernidad : (Record no. 5608)
[ view plain ]
| 000 -LEADER | |
|---|---|
| campo de control de longitud fija | 01361nam a2200289 i 4500 |
| 001 - NÚMERO DE CONTROL | |
| campo de control | 5608 |
| 003 - IDENTIFICADOR DE NÚMERO DE CONTROL | |
| campo de control | ES-MaACL |
| 005 - FECHA Y HORA DE LA ÚLTIMA TRANSACCIÓN | |
| campo de control | 20251002195038.0 |
| 008 - DATOS DE LONGITUD FIJA--INFORMACIÓN GENERAL | |
| campo de control de longitud fija | 881221s1984 sp a ||||1| spa d |
| 020 ## - NÚMERO INTERNACIONAL ESTÁNDAR DEL LIBRO | |
| Número Internacional Estándar del Libro | 84-7433-312-1 |
| 080 ## - NÚMERO DE LA CLASIFICACIÓN DECIMAL UNIVERSAL | |
| Número de la Clasificación Decimal Universal | 72 |
| 245 00 - MENCIÓN DEL TÍTULO | |
| Título | Arquitectura, técnica y naturaleza en el ocaso de la modernidad : |
| Resto del título | curso de la Universidad Internacional Menéndez Pelayo / |
| Mención de responsabilidad, etc. | dirigido por Antonio Fernández Alba ; [colaboran] R. Aroca, J.A. García Diego... [et al.] ; edición a cargo de Luis Fernández-Galiano. |
| 260 ## - PUBLICACIÓN, DISTRIBUCIÓN, ETC. | |
| Lugar de publicación, distribución, etc. | Madrid : |
| Nombre del editor, distribuidor, etc. | Servcio de Publicaciones, Secretaría General Técnica, Ministerio de Obras Públicas y Urbanismo, |
| Fecha de publicación, distribución, etc. | [1984] |
| 300 ## - DESCRIPCIÓN FÍSICA | |
| Extensión | 214 p. : |
| Otras características físicas | il. ; |
| Dimensiones | 24 cm. |
| 490 1# - MENCIÓN DE SERIE | |
| Mención de serie | Monografías de la Dirección General de Arquitectura y Vivienda |
| 650 #4 - PUNTO DE ACCESO ADICIONAL DE MATERIA--TÉRMINO DE MATERIA | |
| Término de materia o nombre geográfico como elemento de entrada | Arquitectura |
| 9 (RLIN) | 9986 |
| 700 1# - ENTRADA AGREGADA--NOMBRE PERSONAL | |
| Nombre de persona | Fernández Alba, Antonio. |
| 9 (RLIN) | 49442 |
| 700 1# - ENTRADA AGREGADA--NOMBRE PERSONAL | |
| Nombre de persona | Aroca Hernández-Ros, Ricardo, |
| Fechas asociadas al nombre | 1940- |
| 9 (RLIN) | 175067 |
| 700 1# - ENTRADA AGREGADA--NOMBRE PERSONAL | |
| Nombre de persona | García-Diego, José A. |
| 9 (RLIN) | 54541 |
| 700 1# - ENTRADA AGREGADA--NOMBRE PERSONAL | |
| Nombre de persona | Fernández Galiano, Luis A. |
| 9 (RLIN) | 49800 |
| 710 2# - ENTRADA AGREGADA--NOMBRE DE ENTIDAD CORPORATIVA | |
| Nombre de entidad corporativa o nombre de jurisdicción como elemento de entrada | Universidad Internacional Menéndez Pelayo. |
| 9 (RLIN) | 7384 |
| 710 1# - ENTRADA AGREGADA--NOMBRE DE ENTIDAD CORPORATIVA | |
| Nombre de entidad corporativa o nombre de jurisdicción como elemento de entrada | España. |
| Unidad subordinada | Dirección General para la Vivienda y Arquitectura. |
| 9 (RLIN) | 161292 |
| 830 1# - PUNTO DE ACCESO ADICIONAL DE SERIE-TÍTULO UNIFORME | |
| Título uniforme | Monografías de la Dirección General de Arquitectura y Vivienda |
| 9 (RLIN) | 227707 |
| 852 4# - LOCALIZACIÓN | |
| Ubicación | ES-MaACL |
| Número de control de estantería | L-10237 |
| 852 4# - LOCALIZACIÓN | |
| Ubicación | ES-MaACL |
| Número de control de estantería | L-12382 |
| Estatus retirado | Estado de pérdida | Estado de daño | No para préstamo | Biblioteca de origen | Biblioteca actual | Ubicación en estantería | Fecha de adquisición | Fuente de adquisición | Total de préstamos | Signatura topográfica completa | Código de barras | Visto por última vez | Precio de reemplazo | Tipo de ítem Koha |
|---|---|---|---|---|---|---|---|---|---|---|---|---|---|---|
| Biblioteca del Ateneo de Madrid | Biblioteca del Ateneo de Madrid | Depósito 2 | 17/01/2008 | L-12382 | 1005684 | 23/02/2023 | 23/02/2023 | Libro impreso | ||||||
| Biblioteca del Ateneo de Madrid | Biblioteca del Ateneo de Madrid | Depósito 2 | 17/01/2008 | L-10237 | 1005685 | 23/02/2023 | 23/02/2023 | Libro impreso |
